00502 2200193 4500245006500000020002200065250001100087700001900098700001000117650002100127650001000148005001900158260004400177041001400221084001000235300002000245490003400265336000900299 aPetualangan Binatang dan Kisah LainnyacSastri SunartihText a978-623-00-3025-3 aCet. 1 aSastri Sunarti aIrene aCerita Bergambar aEbook a20241107124209 aJakartabPT elex media Komputindoc2021 aIndonesia a741.5 a42 hlm :bpdf ; aSeri Antologi Fabel Nusantara atext